000 00699cam a22002413a 4500
001 6480
003 PGUSA
005 20140828083133.0
008 040901s2004||||xxu|||||s|||||000 | eng d
040 _aPGUSA
_beng
042 _adc
050 4 _aPE
100 1 _aTrench, Richard Chenevix,
_d1807-1886
245 1 0 _aOn the Study of Words
_h[electronic resource] /
_cRichard Chenevix Trench
260 _bProject Gutenberg,
_c2004
506 _aPublic domain in the USA.
516 _aElectronic text
653 _aEnglish language -- Etymology
653 _aEnglish language -- Semantics
830 0 _aProject Gutenberg
_v6480
856 4 0 _uhttp://www.gutenberg.org/ebooks/6480
942 _cEB
999 _c235803
_d235803